[Event "As Autumn"]
[Site "As"]
[Date "2016.09.01"]
[Round "1"]
[White "Bakken, Svein Erik"]
[Black "Lange, Holger1"]
[Result "0-1"]
[WhiteElo "1347"]
[BlackElo "1624"]
[PlyCount "84"]
[EventDate "2016.09.01"]
[EventType "swiss"]
[EventRounds "9"]
[EventCountry "NOR"]
[SourceTitle "EXT 2024"]
[Source "ChessBase"]
[SourceDate "2023.10.10"]
[SourceVersion "1"]
[SourceVersionDate "2023.10.10"]
[SourceQuality "1"]

1. d4 Nf6 2. c4 e6 3. Nc3 Bb4 4. Nf3 c5 5. dxc5 0-0 6. Bg5 Bxc5 7. e3 Nc6 8. a3 a5 9. Bd3 h6 10. Bh4 Be7 11. 0-0 d5 12. Qc2 d4 13. exd4 Nxd4 14. Nxd4 Qxd4 15. Bg3 Bd7 16. Rfd1 Qc5 17. Qe2 Bc6 18. Rac1 Rfd8 19. Ne4 Nxe4 20. Bxe4 Bg5 21. Rxd8+ Rxd8 22. Bxc6 Bxc1 23. Bxb7 Bxb2 24. h3 Bxa3 25. Ba6 Bb4 26. Bb5 Qd4 27. Kh2 Bd6 28. Qa2 Bxg3+ 29. fxg3 Qd2 30. Qb1 Qb4 31. Qe4 a4 32. Qc6 a3 33. Qc7 Qd6 34. Qa5 Rb8 35. Qa7 Rc8 36. Qb7 Qc5 37. Qa6 Rd8 38. Qa4 Rc8 39. Qa6 Rc7 40. Qa8+ Kh7 41. Qe4+ g6 42. h4 a2 0-1

[Event "AS CC-ch B"]
[Site "As"]
[Date "2016.03.03"]
[Round "6"]
[White "Sandvik, Sander"]
[Black "Bakken, Svein Erik"]
[Result "0-1"]
[WhiteElo "1074"]
[BlackElo "1346"]
[PlyCount "70"]
[EventDate "2016.01.14"]
[EventType "swiss"]
[EventRounds "9"]
[EventCountry "NOR"]
[SourceTitle "EXT 2024"]
[Source "ChessBase"]
[SourceDate "2023.10.10"]
[SourceVersion "1"]
[SourceVersionDate "2023.10.10"]
[SourceQuality "1"]

1. e4 c5 2. Nc3 Nc6 3. Bb5 e6 4. Bxc6 bxc6 5. Nf3 d5 6. d3 Qc7 7. 0-0 Nf6 8. Re1 Be7 9. Bg5 d4 10. Ne2 0-0 11. c3 dxc3 12. bxc3 Rd8 13. Qc2 Nh5 14. Bxe7 Qxe7 15. e5 g6 16. g4 Ng7 17. Ng3 f6 18. d4 fxe5 19. dxe5 Rf8 20. Re3 Qc7 21. Ne4 Rxf3 22. Rxf3 Qxe5 23. Nf6+ Kh8 24. Nxh7 Kxh7 25. Rh3+ Kg8 26. Qxg6 Bb7 27. Qh7+ Kf7 28. Rf3+ Ke7 29. Qh4+ Ke8 30. Qh8+ Ke7 31. Qh4+ Ke8 32. Rf6 Qxc3 33. Qh8+ Ke7 34. Qxg7+ Kd6 35. Rd1+ Ke5 0-1

[Event "As CC-ch A"]
[Site "As"]
[Date "2014.02.06"]
[Round "3"]
[White "Bakken, Svein Erik"]
[Black "Lange, Holger1"]
[Result "1/2-1/2"]
[WhiteElo "1408"]
[BlackElo "1634"]
[PlyCount "85"]
[EventDate "2014.01.16"]
[EventType "swiss"]
[EventRounds "9"]
[EventCountry "NOR"]
[SourceTitle "EXT 2024"]
[Source "ChessBase"]
[SourceDate "2023.10.10"]
[SourceVersion "1"]
[SourceVersionDate "2023.10.10"]
[SourceQuality "1"]

1. d4 Nf6 2. c4 e6 3. Nc3 Bb4 4. Qb3 c5 5. dxc5 Nc6 6. Bd2 Bxc5 7. e3 0-0 8. Nf3 b6 9. Be2 Bb7 10. 0-0 Rc8 11. a3 Be7 12. Rac1 Na5 13. Qa2 d5 14. cxd5 Nxd5 15. b4 Nxc3 16. Bxc3 Nc6 17. Qb2 Bf6 18. Rfd1 Bxc3 19. Rxc3 Qe7 20. Rcd3 Nb8 21. Rd4 Qf6 22. Qd2 h6 23. Ne1 Bd5 24. e4 Nc6 25. exd5 Nxd4 26. Qxd4 Qxd4 27. Rxd4 exd5 28. Rxd5 Rfe8 29. Kf1 Rc3 30. Rd3 Rec8 31. a4 Rc1 32. Bd1 Rb1 33. b5 g6 34. Ke2 Rcc1 35. Rd2 Kg7 36. Nd3 Rc7 37. Ne1 Re7+ 38. Kf1 Ra1 39. f3 h5 40. Kf2 Ra3 41. h3 h4 42. Kf1 Ra1 43. Kf2 1/2-1/2

[Event "As CC-ch A"]
[Site "As"]
[Date "2012.02.16"]
[Round "4"]
[White "Bakken, Svein Erik"]
[Black "Kielland Lund, Jon"]
[Result "0-1"]
[WhiteElo "1434"]
[BlackElo "1625"]
[PlyCount "94"]
[EventDate "2012.01.19"]
[EventType "tourn"]
[EventRounds "9"]
[EventCountry "NOR"]
[SourceTitle "EXT 2024"]
[Source "ChessBase"]
[SourceDate "2023.10.10"]
[SourceVersion "1"]
[SourceVersionDate "2023.10.10"]
[SourceQuality "1"]

1. d4 d5 2. c4 c6 3. Nc3 e5 4. cxd5 cxd5 5. e3 e4 6. Nge2 Nf6 7. Qb3 Nc6 8. Nf4 Bb4 9. Bd2 Bxc3 10. Bxc3 0-0 11. Ne2 b6 12. Ng3 Bb7 13. Be2 Rc8 14. 0-0 Rc7 15. Rac1 Qd7 16. Qd1 Rfc8 17. Qd2 h6 18. b3 Qe6 19. h3 g6 20. b4 a6 21. a4 Ne7 22. Bb2 Rxc1 23. Rxc1 Rxc1+ 24. Qxc1 Qc8 25. b5 Qxc1+ 26. Bxc1 a5 27. Ba3 Kf8 28. Bd6 Ke8 29. Bd1 Kd7 30. Ba3 Nc8 31. Ne2 Nd6 32. Bxd6 Kxd6 33. Bb3 h5 34. Nc3 Ne8 35. Nxe4+ dxe4 36. Bxf7 Nf6 37. Bxg6 Bd5 38. f3 exf3 39. Bc2 fxg2 40. Kf2 Ke6 41. Kg1 Kf7 42. Kh2 Ke6 43. Kg1 h4 44. Kf2 Be4 45. Bb3+ Kd6 46. Kg1 Nh7 47. d5 Ng5 0-1